[Event "ch-ISL 2016"]
[Site "Reykjavik ISL"]
[Date "2016.05.31"]
[Round "1.1"]
[White "Kjartansson, David"]
[Black "Thorfinnsson, Bjorn"]
[Result "0-1"]
[WhiteTitle "FM"]
[BlackTitle "IM"]
[WhiteElo "2371"]
[BlackElo "2410"]
[WhiteFideId "2301130"]
[BlackFideId "2300982"]
[EventDate "2016.05.31"]

1. d4 Nf6 2. c4 c5 3. Nf3 cxd4 4. Nxd4 g6 5. Nc3 Nc6 6. g3 Bg7 7. Bg2 O-O 8. O-O
d6 9. Nxc6 bxc6 10. Bxc6 Rb8 11. Bg2 Qa5 12. Nb5 Bd7 13. Bd2 Qd8 14. Nxa7 Qc7
15. Nb5 Qxc4 16. Na3 Qa6 17. Bc3 Rfc8 18. Qd3 Qa4 19. Nb1 Bf5 20. Qd1 Qa6 21. a4
Nd7 22. Bxg7 Kxg7 23. e4 Be6 24. Nc3 Bc4 25. Re1 Rxb2 26. Bh3 Qa7 27. Re3 Be6
28. Nb5 Qb6 29. Bxe6 fxe6 30. Rc1 Rf8 31. Rc2 Rb4 32. Rc1 Ne5 33. Kg2 Rxf2+ 34.
Kxf2 Rxe4 35. Kg2 Rxe3 36. Rc7 Rd3 37. Qf1 Rd2+ 38. Kh3 Rf2 39. Qg1 Qe3 40. Qc1
Qe2 41. Rxe7+ Kf6 42. Rxe6+ Kg7 43. Qc7+ Rf7 44. Qxd6 Qf1+ 45. Kh4 Nf3+ 46. Kg4
h5# 0-1

[Event "ch-ISL 2016"]
[Site "Reykjavik ISL"]
[Date "2016.05.31"]
[Round "1.2"]
[White "Hjartarson, Johann"]
[Black "Gislason, Gudmundur"]
[Result "1-0"]
[WhiteTitle "GM"]
[BlackTitle "FM"]
[WhiteElo "2547"]
[BlackElo "2280"]
[WhiteFideId "2300044"]
[BlackFideId "2300559"]
[EventDate "2016.05.31"]

1. e4 c5 2. Nf3 e6 3. d4 cxd4 4. Nxd4 Nc6 5. Nc3 Qc7 6. Be2 Nf6 7. O-O a6 8. Be3
b5 9. Nxc6 dxc6 10. f4 e5 11. fxe5 Qxe5 12. Kh1 Be7 13. Bd4 Qe6 14. e5 Ng4 15.
Bf3 O-O 16. Qe2 Bd7 17. Rad1 Rae8 18. h3 Nh6 19. Ne4 Nf5 20. Bg4 Qg6 21. Qf2
Nxd4 22. Bxd7 Ne6 23. Bxe8 Qxe4 24. Bxf7+ Kh8 25. Qa7 1-0

[Event "ch-ISL 2016"]
[Site "Reykjavik ISL"]
[Date "2016.05.31"]
[Round "1.3"]
[White "Thorfinnsson, Bragi"]
[Black "Ingvason, Johann"]
[Result "1-0"]
[WhiteTitle "IM"]
[WhiteElo "2426"]
[BlackElo "2142"]
[WhiteFideId "2300958"]
[BlackFideId "2301431"]
[EventDate "2016.05.31"]

1. c4 Nf6 2. Nc3 e6 3. e4 c5 4. Nf3 d6 5. d4 cxd4 6. Nxd4 Be7 7. Be2 Nc6 8. Nc2
e5 9. O-O Be6 10. f4 exf4 11. Bxf4 Rc8 12. Kh1 a6 13. Qe1 Ne5 14. Rd1 Qc7 15.
Nd5 Bxd5 16. exd5 O-O 17. Bxe5 dxe5 18. Ne3 Ne8 19. b4 b6 20. a4 a5 21. bxa5
bxa5 22. Qg3 g6 23. h3 Ng7 24. d6 Bxd6 25. Nd5 Qc6 26. Nf6+ Kh8 27. Qh4 h5 28.
Qg5 1-0

[Event "ch-ISL 2016"]
[Site "Reykjavik ISL"]
[Date "2016.05.31"]
[Round "1.4"]
[White "Gunnarsson, Jon Viktor"]
[Black "Johannsson, Orn Leo"]
[Result "1-0"]
[WhiteTitle "IM"]
[WhiteElo "2454"]
[BlackElo "2226"]
[WhiteFideId "2300931"]
[BlackFideId "2303051"]
[EventDate "2016.05.31"]

1. e4 e6 2. d4 d5 3. Nc3 Bb4 4. e5 Ne7 5. Bd2 b6 6. Nce2 Bxd2+ 7. Qxd2 Ba6 8.
Nf3 h5 9. g3 Nbc6 10. h4 Nf5 11. Nf4 Bxf1 12. Kxf1 Qd7 13. Kg2 g6 14. c3 Kf8 15.
Ng5 Kg7 16. f3 Rh6 17. g4 hxg4 18. fxg4 Nxh4+ 19. Kg3 Rah8 20. Nfh3 Ne7 21. Raf1
Nhf5+ 22. gxf5 Nxf5+ 23. Kg2 Rh5 24. Nf3 Qe7 25. Nf2 c5 26. Rxh5 Rxh5 27. Rh1
Rxh1 28. Nxh1 cxd4 29. cxd4 Nh4+ 30. Nxh4 Qxh4 31. Nf2 g5 32. Qe3 Kg6 33. Qf3
Qh8 34. Ng4 Qh7 1-0

[Event "ch-ISL 2016"]
[Site "Reykjavik ISL"]
[Date "2016.05.31"]
[Round "1.5"]
[White "Steingrimsson, Hedinn"]
[Black "Kjartansson, Gudmundur"]
[Result "1-0"]
[WhiteTitle "GM"]
[BlackTitle "IM"]
[WhiteElo "2574"]
[BlackElo "2457"]
[WhiteFideId "2300117"]
[BlackFideId "2301318"]
[EventDate "2016.05.31"]

1. d4 d5 2. c4 e6 3. Nc3 c6 4. Nf3 Nf6 5. e3 Nbd7 6. Bd3 dxc4 7. Bxc4 b5 8. Bd3
Bd6 9. O-O O-O 10. Qc2 Bb7 11. a3 h6 12. e4 e5 13. dxe5 Nxe5 14. Nxe5 Bxe5 15.
h3 Re8 16. Be3 Qe7 17. Ne2 Rad8 18. Bxa7 Bxb2 19. Bc5 Qc7 20. Qxb2 Rxd3 21. f3
Red8 22. Rac1 Nd7 23. Be7 Qb6+ 24. Kh1 Re8 25. Nf4 Rd4 26. Bc5 Nxc5 27. Qxd4 Na4
28. Rfd1 Ra8 29. Qe5 c5 30. Rd7 1-0

[Event "ch-ISL 2016"]
[Site "Reykjavik ISL"]
[Date "2016.05.31"]
[Round "1.6"]
[White "Gretarsson, Hjorvar Steinn"]
[Black "Jensson, Einar Hjalti"]
[Result "1/2-1/2"]
[WhiteTitle "GM"]
[BlackTitle "IM"]
[WhiteElo "2580"]
[BlackElo "2370"]
[WhiteFideId "2302241"]
[BlackFideId "2301067"]
[EventDate "2016.05.31"]

1. c4 e5 2. e3 Nf6 3. Nc3 Nc6 4. a3 Be7 5. Nf3 O-O 6. Qc2 Re8 7. b4 Bf8 8. Bb2
d6 9. d3 a5 10. b5 Nb8 11. Be2 Nbd7 12. O-O b6 13. Nd2 Bb7 14. Bf3 Bxf3 15. Nxf3
g6 16. d4 Qc8 17. Rfd1 Qb7 18. Rac1 Rac8 19. dxe5 dxe5 20. Nd5 Bd6 21. Ng5 Nxd5
22. cxd5 Rcd8 23. Ne4 f5 24. Nxd6 cxd6 25. Qc7 Qxc7 26. Rxc7 Nc5 27. Rc6 Rd7 28.
Rc1 Kf7 29. Rc4 Rb8 30. a4 Ke7 31. f3 Rdb7 32. Ba3 Kd7 33. Bxc5 dxc5 34. h4 Rc7
35. Re6 Rcc8 36. Kf2 Re8 37. Rc6 Rec8 38. e4 Rxc6 39. dxc6+ Ke6 40. h5 f4 41.
hxg6 hxg6 42. g3 g5 43. gxf4 gxf4 44. Rc1 Rd8 45. Rh1 Kd6 46. Ke2 Kc7 47. Rh7+
Kc8 48. Re7 Rd4 49. Rxe5 Rxa4 50. Re8+ Kc7 51. Re7+ Kc8 52. e5 Ra3 53. e6 c4 54.
Kd2 Re3 55. Kc2 a4 56. Re8+ Kc7 57. Re7+ Kc8 58. Rb7 Rxe6 59. Kc3 Re3+ 60. Kxc4
Rxf3 61. Rxb6 Rf1 62. Ra6 Kc7 63. Ra7+ Kb6 64. Ra6+ Kc7 65. Ra7+ Kb6 66. Rb7+
Ka5 67. c7 Rc1+ 68. Kd3 a3 69. Kd2 Rc5 70. b6 a2 71. Ra7+ Kxb6 72. Rxa2 Rxc7 73.
Ra4 1/2-1/2

[Event "ch-ISL 2016"]
[Site "Reykjavik ISL"]
[Date "2016.06.01"]
[Round "2.1"]
[White "Thorfinnsson, Bjorn"]
[Black "Jensson, Einar Hjalti"]
[Result "1-0"]
[WhiteTitle "IM"]
[BlackTitle "IM"]
[WhiteElo "2410"]
[BlackElo "2370"]
[WhiteFideId "2300982"]
[BlackFideId "2301067"]
[EventDate "2016.05.31"]

1. c4 e5 2. g3 Nf6 3. Bg2 d5 4. cxd5 Nxd5 5. Nc3 Nb6 6. Nf3 Nc6 7. O-O Be7 8. b3
O-O 9. Bb2 Bf5 10. d3 Qd7 11. Re1 Rad8 12. Rc1 Bh3 13. Bh1 f5 14. Na4 Nxa4 15.
bxa4 Qe6 16. Qb3 Qxb3 17. axb3 e4 18. dxe4 fxe4 19. Ne5 e3 20. fxe3 Bb4 21. Nxc6
Bxe1 22. Rxe1 bxc6 23. Bd4 a5 24. Bxc6 Be6 25. Bc5 Rf5 26. b4 Rd2 27. e4 Rf6 28.
e5 Rf5 29. bxa5 Rxe5 30. Bb4 Rc2 31. Rf1 Bf7 32. Bb5 c5 33. Bd3 Ra2 34. Bc3 Re3
35. Rxf7 Kxf7 36. Bc4+ Ke7 37. Bxa2 Rxc3 38. a6 Ra3 39. Bb3 c4 40. Bc2 Ra1+ 41.
Kf2 1-0

[Event "ch-ISL 2016"]
[Site "Reykjavik ISL"]
[Date "2016.06.01"]
[Round "2.2"]
[White "Kjartansson, Gudmundur"]
[Black "Gretarsson, Hjorvar Steinn"]
[Result "1-0"]
[WhiteTitle "IM"]
[BlackTitle "GM"]
[WhiteElo "2457"]
[BlackElo "2580"]
[WhiteFideId "2301318"]
[BlackFideId "2302241"]
[EventDate "2016.05.31"]

1. Nf3 d5 2. d4 c6 3. c4 e6 4. Qc2 Nf6 5. g3 Nbd7 6. Bg2 b6 7. O-O Bb7 8. b3 Rc8
9. cxd5 cxd5 10. Qd3 Ne4 11. Nfd2 Ndf6 12. Bb2 Be7 13. f3 Nxd2 14. Nxd2 O-O 15.
Rfc1 Qd7 16. e3 Bb4 17. Kf2 Bc6 18. Bf1 a6 19. a4 Bb7 20. Rxc8 Rxc8 21. Rc1 Rxc1
22. Bxc1 Qc7 23. Bb2 h5 24. Be2 h4 25. Nf1 hxg3+ 26. Nxg3 g5 27. Qd1 Kf8 28. Bd3
a5 29. Qc1 Qe7 30. h3 Bd6 31. Kg2 Ne8 32. Bc3 f5 33. Ne2 Nf6 34. Be1 Nh5 35. Ng3
Nf6 36. Ne2 Qf7 37. Bg3 f4 38. exf4 Nh5 39. fxg5 Bxg3 40. g6 Nf4+ 41. Kxg3 Qxg6+
42. Kxf4 Qxd3 43. Qe3 Qg6 44. Qe5 Ba6 45. Nc3 Kf7 46. Qc7+ Kf6 47. Qd8+ Kf7 48.
Qc7+ Kf6 49. Nxd5+ exd5 50. Qxb6+ Kf7 51. Qxg6+ Kxg6 52. Ke5 Be2 53. Kxd5 Bxf3+
54. Kc5 Kf5 55. b4 axb4 56. Kxb4 Bg2 57. h4 Kg4 58. Kc5 Kxh4 59. d5 Kg5 60. d6 1-0

[Event "ch-ISL 2016"]
[Site "Reykjavik ISL"]
[Date "2016.06.01"]
[Round "2.3"]
[White "Johannsson, Orn Leo"]
[Black "Steingrimsson, Hedinn"]
[Result "0-1"]
[BlackTitle "GM"]
[WhiteElo "2226"]
[BlackElo "2574"]
[WhiteFideId "2303051"]
[BlackFideId "2300117"]
[EventDate "2016.05.31"]

1. e4 c5 2. Nf3 d6 3. Bb5+ Nd7 4. O-O a6 5. Bxd7+ Bxd7 6. b3 Nf6 7. Re1 e5 8. c3
Be7 9. d4 exd4 10. cxd4 Bg4 11. Bb2 O-O 12. Nbd2 Re8 13. h3 Bh5 14. Nf1 Bg6 15.
Ng3 Bf8 16. e5 dxe5 17. Nxe5 cxd4 18. Qxd4 Qxd4 19. Bxd4 Bb4 20. Rec1 Rad8 21.
Bb6 Rd6 22. Bc5 Bxc5 23. Rxc5 b6 24. Rc6 Rxc6 25. Nxc6 Nd5 26. Rd1 Nc3 27. Rd6
h5 28. Nb4 Re1+ 29. Kh2 h4 30. Nh1 a5 31. Nd5 Nxd5 32. Rxd5 Re2 33. a4 Re4 34.
Rd3 Rb4 35. Rc3 f6 36. g3 Bf7 37. gxh4 Rxb3 38. Rc8+ Kh7 39. Ng3 Rb2 40. Rc7
Rxf2+ 41. Kg1 Rf3 42. Kh2 Bd5 43. Nh5 Kh6 0-1

[Event "ch-ISL 2016"]
[Site "Reykjavik ISL"]
[Date "2016.06.01"]
[Round "2.4"]
[White "Ingvason, Johann"]
[Black "Gunnarsson, Jon Viktor"]
[Result "0-1"]
[BlackTitle "IM"]
[WhiteElo "2142"]
[BlackElo "2454"]
[WhiteFideId "2301431"]
[BlackFideId "2300931"]
[EventDate "2016.05.31"]

1. e4 c5 2. Nf3 e6 3. d4 cxd4 4. Nxd4 a6 5. Nc3 b5 6. a3 Bb7 7. Be3 Nc6 8. f4
Rc8 9. Be2 d6 10. O-O Nf6 11. Bf3 Qc7 12. Qe1 Be7 13. Rd1 O-O 14. Qg3 Kh8 15.
Kh1 Rce8 16. e5 dxe5 17. fxe5 Nd7 18. Bxc6 Bxc6 19. Nxc6 Qxc6 20. Rd3 f5 21.
Rfd1 Nc5 22. Bxc5 Qxc5 23. Rd7 a5 24. R1d2 f4 25. Qf2 Qxe5 26. Qe2 Qxe2 27. Rxe2
b4 28. axb4 axb4 29. Nb5 Rd8 30. Rd3 b3 31. Rd4 e5 32. Rxd8 Rxd8 33. Nc3 Bb4 34.
h4 Bxc3 35. bxc3 Rd1+ 0-1

[Event "ch-ISL 2016"]
[Site "Reykjavik ISL"]
[Date "2016.06.01"]
[Round "2.5"]
[White "Gislason, Gudmundur"]
[Black "Thorfinnsson, Bragi"]
[Result "0-1"]
[WhiteTitle "FM"]
[BlackTitle "IM"]
[WhiteElo "2280"]
[BlackElo "2426"]
[WhiteFideId "2300559"]
[BlackFideId "2300958"]
[EventDate "2016.05.31"]

1. d4 e6 2. Nf3 f5 3. Bg5 Nf6 4. Nbd2 Be7 5. e3 b6 6. Bd3 Bb7 7. Qe2 Ne4 8. Bxe4
fxe4 9. Ne5 O-O 10. Bf4 d6 11. Nec4 e5 12. dxe5 d5 13. Na3 Ba6 14. Qg4 Bxa3 15.
bxa3 Qe7 16. c4 Nd7 17. O-O Nxe5 18. Qg3 Nxc4 19. Nb3 c5 20. Rfd1 Qf7 21. Rac1
Rad8 0-1

[Event "ch-ISL 2016"]
[Site "Reykjavik ISL"]
[Date "2016.06.01"]
[Round "2.6"]
[White "Kjartansson, David"]
[Black "Hjartarson, Johann"]
[Result "1/2-1/2"]
[WhiteTitle "FM"]
[BlackTitle "GM"]
[WhiteElo "2371"]
[BlackElo "2547"]
[WhiteFideId "2301130"]
[BlackFideId "2300044"]
[EventDate "2016.05.31"]

1. d4 Nf6 2. c4 e6 3. Nc3 Bb4 4. Qc2 c5 5. dxc5 Qc7 6. a3 Bxc5 7. Bg5 Bxf2+ 8.
Kxf2 Qc5+ 9. Ke1 Qxg5 10. Nf3 Qc5 11. b4 Qxc4 12. e4 Qc7 13. Rc1 Nc6 14. Qd2 O-O
15. b5 Ne5 16. Nd5 Nxf3+ 17. gxf3 Qe5 18. Nc7 Rb8 19. Rg1 Ne8 20. Rg5 f5 21. Be2
Nxc7 22. f4 Qf6 23. e5 Qd8 24. Qd6 Nd5 25. Qxb8 Nxf4 26. Rg3 Qa5+ 27. Kd1 Qa4+
28. Kd2 Qd4+ 29. Bd3 Qf2+ 30. Kd1 Nd5 31. Rxc8 Nc3+ 32. Kc1 Na2+ 33. Kb1 Nc3+
34. Kc1 Na2+ 35. Kb1 1/2-1/2

[Event "ch-ISL 2016"]
[Site "Reykjavik ISL"]
[Date "2016.06.02"]
[Round "3.1"]
[White "Hjartarson, Johann"]
[Black "Thorfinnsson, Bjorn"]
[Result "1-0"]
[WhiteTitle "GM"]
[BlackTitle "IM"]
[WhiteElo "2547"]
[BlackElo "2410"]
[WhiteFideId "2300044"]
[BlackFideId "2300982"]
[EventDate "2016.05.31"]

1. e4 e5 2. Nf3 Nc6 3. Bb5 Nge7 4. Nc3 g6 5. d4 exd4 6. Nd5 Bg7 7. Bg5 h6 8. Bf6
Bxf6 9. Nxf6+ Kf8 10. O-O a6 11. Be2 d5 12. Nxd4 dxe4 13. Nxc6 Nxc6 14. Qxd8+
Nxd8 15. Nxe4 Bf5 16. Nc5 Ne6 17. Nxb7 Rb8 18. Na5 Rxb2 19. Bxa6 Rxc2 20. Rfc1
Ke7 21. Nc6+ Kd6 22. Bb5 Ra8 23. a4 Be4 24. Rd1+ Kc5 25. Ne5 c6 26. Bf1 Bd5 27.
a5 Ra7 28. a6 Nf4 29. Rdb1 Kd6 30. Re1 h5 31. h4 Ne6 32. Rad1 Ra2 33. Bc4 Ra5
34. Rb1 Nc5 35. Bxd5 cxd5 36. Rb6+ Kc7 37. Rc6+ Kd8 38. Rd6+ Kc7 39. Nxf7 Ne4
40. Rc1+ Rc5 41. Rxc5+ Nxc5 42. Rxd5 Nd7 43. Rd6 Nf8 44. Rf6 1-0

[Event "ch-ISL 2016"]
[Site "Reykjavik ISL"]
[Date "2016.06.02"]
[Round "3.2"]
[White "Thorfinnsson, Bragi"]
[Black "Kjartansson, David"]
[Result "1-0"]
[WhiteTitle "IM"]
[BlackTitle "FM"]
[WhiteElo "2426"]
[BlackElo "2371"]
[WhiteFideId "2300958"]
[BlackFideId "2301130"]
[EventDate "2016.05.31"]

1. d4 Nf6 2. c4 e6 3. Nc3 Bb4 4. a3 Bxc3+ 5. bxc3 c5 6. f3 Qa5 7. Bd2 O-O 8. e4
d6 9. e5 dxe5 10. dxe5 Nfd7 11. f4 Rd8 12. Nf3 Nf8 13. Qc2 Bd7 14. a4 Bc6 15.
Bd3 Bxf3 16. gxf3 Nc6 17. O-O Qa6 18. Be3 b6 19. Kh1 Na5 20. Rg1 Rd7 21. Rg3
Rad8 22. Rag1 g6 23. Be2 Nc6 24. f5 exf5 25. Qxf5 Re7 26. f4 Re6 27. Qe4 Qxa4
28. h4 Ne7 29. f5 Qc6 30. Qxc6 Rxc6 31. Bf3 Rcc8 32. Be4 Re8 33. h5 Nc6 34. e6
Kg7 35. Rf1 Ne5 36. h6+ Kg8 37. exf7+ Kxf7 38. fxg6+ Ke7 39. g7 Nfg6 40. Bxg6
Nxg6 41. Bg5+ Kd7 42. Rd3+ Kc7 43. Rf7+ Kc6 44. Rfd7 Re6 45. Rd8 Rxd8 46. Rxd8
Ne7 47. Re8 1-0

[Event "ch-ISL 2016"]
[Site "Reykjavik ISL"]
[Date "2016.06.02"]
[Round "3.3"]
[White "Gunnarsson, Jon Viktor"]
[Black "Gislason, Gudmundur"]
[Result "1-0"]
[WhiteTitle "IM"]
[BlackTitle "FM"]
[WhiteElo "2454"]
[BlackElo "2280"]
[WhiteFideId "2300931"]
[BlackFideId "2300559"]
[EventDate "2016.05.31"]

1. e4 c5 2. Nf3 e6 3. d4 cxd4 4. Nxd4 Nc6 5. Nc3 Qc7 6. Be2 a6 7. O-O Nf6 8. Be3
Bb4 9. Nxc6 bxc6 10. Qd4 Bd6 11. f4 e5 12. Qd2 O-O 13. Rad1 exf4 14. Qxd6 Qxd6
15. Rxd6 fxe3 16. e5 Ne8 17. Rd4 a5 18. Bc4 a4 19. a3 Ra5 20. Rdf4 Rxe5 21. Rxf7
Rxf7 22. Bxf7+ Kf8 23. Bc4+ Nf6 24. Nxa4 d5 25. Bd3 Ke7 26. b4 Ne4 27. Nb6 Bf5
28. Re1 d4 29. Nc4 Re6 30. a4 g6 31. a5 Nd2 32. a6 Bxd3 33. a7 Bxc4 34. a8=Q Rd6
35. Qa7+ Kf6 36. Qc5 Rd5 37. Qxc6+ Kg5 38. Qc7 Bb5 39. h4+ Kxh4 40. Qf4+ Kh5 41.
g4+ Kh4 42. Kg2 1-0

[Event "ch-ISL 2016"]
[Site "Reykjavik ISL"]
[Date "2016.06.02"]
[Round "3.4"]
[White "Steingrimsson, Hedinn"]
[Black "Ingvason, Johann"]
[Result "1-0"]
[WhiteTitle "GM"]
[WhiteElo "2574"]
[BlackElo "2142"]
[WhiteFideId "2300117"]
[BlackFideId "2301431"]
[EventDate "2016.05.31"]

1. c4 e5 2. Nc3 Nf6 3. Nf3 Nc6 4. g3 d5 5. cxd5 Nxd5 6. d3 Be7 7. Bg2 Be6 8. O-O
O-O 9. a3 h6 10. Bd2 Qd7 11. b4 Nxc3 12. Bxc3 Bf6 13. Rc1 Nd4 14. Nd2 c6 15. e3
Nb5 16. Ne4 Rfd8 17. a4 Nxc3 18. Nxf6+ gxf6 19. Rxc3 a5 20. Qb1 axb4 21. Qxb4
Ra7 22. Ra1 Bd5 23. Bxd5 Qxd5 24. Rb1 Qe6 25. Qh4 Qf5 26. Rb4 h5 27. Kg2 Rxd3
28. Rxd3 Qxd3 29. Qxf6 Qd5+ 30. e4 Qe6 31. Qg5+ Kf8 32. a5 Qe7 33. Qh6+ Kg8 34.
Rb3 Rxa5 35. Rf3 c5 36. Rf5 Ra6 37. Qxh5 f6 38. Qg4+ Qg7 39. Qd1 Qe7 40. Rh5 Rc6
41. Rh4 Kf7 42. Rh7+ Kf8 43. Qh5 Qc7 44. Rh8+ Ke7 45. Re8+ 1-0

[Event "ch-ISL 2016"]
[Site "Reykjavik ISL"]
[Date "2016.06.02"]
[Round "3.5"]
[White "Gretarsson, Hjorvar Steinn"]
[Black "Johannsson, Orn Leo"]
[Result "1/2-1/2"]
[WhiteTitle "GM"]
[WhiteElo "2580"]
[BlackElo "2226"]
[WhiteFideId "2302241"]
[BlackFideId "2303051"]
[EventDate "2016.05.31"]

1. c4 e5 2. g3 Nf6 3. Bg2 d5 4. cxd5 Nxd5 5. Nc3 Nxc3 6. bxc3 c6 7. Nf3 Bd6 8.
d4 Nd7 9. O-O O-O 10. e4 Qe7 11. a4 a5 12. Qb3 Re8 13. Rd1 exd4 14. Nxd4 Nc5 15.
Qc2 Bg4 16. Re1 Ne6 17. h3 Nxd4 18. cxd4 Bb4 19. Re3 Bd7 20. Bb2 b5 21. axb5
cxb5 22. e5 Rac8 23. Qd3 a4 24. Kh2 Ba5 25. d5 Qb4 26. Re2 Qc4 27. Qf3 Bc3 28.
Rc1 b4 29. Bxc3 bxc3 30. Rec2 Qd4 31. Rxc3 Qxe5 32. Rxc8 Rxc8 33. Rxc8+ Bxc8 34.
Qa3 Bd7 35. Qb4 g6 36. h4 h5 37. d6 Kg7 38. Bf3 Qa1 39. Qb7 Qf6 40. Qxd7 Qxf3
41. Qa7 Qd5 42. Qc7 Qd4 43. d7 1/2-1/2

[Event "ch-ISL 2016"]
[Site "Reykjavik ISL"]
[Date "2016.06.02"]
[Round "3.6"]
[White "Jensson, Einar Hjalti"]
[Black "Kjartansson, Gudmundur"]
[Result "1/2-1/2"]
[WhiteTitle "IM"]
[BlackTitle "IM"]
[WhiteElo "2370"]
[BlackElo "2457"]
[WhiteFideId "2301067"]
[BlackFideId "2301318"]
[EventDate "2016.05.31"]

1. e4 e6 2. d4 d5 3. Nc3 Bb4 4. e5 c5 5. a3 Bxc3+ 6. bxc3 Qa5 7. Bd2 Qa4 8. Qg4
Kf8 9. Qd1 b6 10. Nf3 Ne7 11. h4 Ba6 12. Bxa6 Qxa6 13. h5 h6 14. Rh4 Nbc6 15.
Rf4 Rc8 16. Nh4 Ke8 17. Qf3 cxd4 18. cxd4 Qc4 19. c3 Rf8 20. Ng6 Nxg6 21. hxg6
Rc7 22. Qg4 Re7 23. gxf7+ Rfxf7 24. Qg6 Nd8 25. g4 Kf8 26. Rxf7+ Rxf7 27. a4 Qc8
28. a5 b5 29. a6 Nc6 30. Qd3 Rc7 31. Qxb5 Ne7 32. Ke2 Rc6 33. Qb7 Rc7 34. Qb5
Rc6 35. Qb7 Rc7 36. Qxc8+ Rxc8 37. Kd3 Rc6 38. Bc1 Ke8 39. Ra4 Nc8 40. Ba3 Nb6
41. Rb4 Nd7 42. Rb7 Rxa6 43. Bd6 g5 44. c4 dxc4+ 45. Kxc4 Rc6+ 46. Kd3 Ra6 47.
f3 Ra1 48. Ke2 Ra2+ 49. Ke3 Ra1 50. f4 gxf4+ 51. Kxf4 Rf1+ 52. Ke4 Re1+ 53. Kf4
Rf1+ 54. Kg3 Rg1+ 55. Kf3 Rf1+ 56. Ke3 Re1+ 57. Kd3 Rd1+ 58. Kc3 a5 59. Ra7 Rc1+
60. Kd2 Rc4 61. Kd3 Rc1 62. Rxa5 Rg1 63. Ra8+ Kf7 64. Ra7 Ke8 65. Kc3 Rg3+ 66.
Kc2 Rg2+ 67. Kd3 Rg3+ 68. Kc4 Rxg4 69. Ra8+ Kf7 70. Ra7 Ke8 71. Ra8+ Kf7 72. Rh8
Kg6 73. Re8 Kf5 74. Rh8 Nb6+ 75. Kc5 Na4+ 76. Kc6 Rxd4 77. Rxh6 Ke4 78. Rxe6
Rc4+ 79. Kb5 Kd5 80. Rh6 Nc3+ 81. Kb6 Rc6+ 82. Kb7 Ne4 83. Rh5 Rc3 84. Rh6 Rc6
85. Rh5 Rc2 86. Be7 Rb2+ 87. Kc7 Ke6 88. Kc6 Rc2+ 89. Kb5 Kxe7 90. e6 Kxe6 91.
Kb6 Kd6 92. Kb5 Rc1 93. Kb4 Kc6 94. Kb3 Nc5+ 95. Kb4 Na6+ 96. Kb3 Kb6 97. Kb2
Rc4 98. Kb3 Rc8 99. Kb2 Nb4 100. Kb3 Nd3 101. Rh3 Ne5 102. Rh5 Rc5 103. Rh8 Nc6
104. Kb2 Kb5 105. Rh4 Ne5 106. Ka3 Nd3 107. Kb3 Rc1 108. Rh8 Nc5+ 109. Kb2 Rg1
110. Kc3 Rg4 111. Rb8+ Kc6 112. Rc8+ Kd5 113. Rd8+ Ke5 114. Re8+ Ne6 115. Kd3
Kd5 116. Ke3 Rg3+ 117. Kf2 Ra3 118. Ke2 Nd4+ 119. Kd2 Nf3+ 120. Ke2 Ne5 121. Kd2
Kd4 122. Rd8+ Ke4 123. Kc2 Nd3 124. Kd2 Nf4 125. Re8+ Kf3 126. Kc2 Kf2 127. Kb2
Rf3 128. Kc2 Nd5 129. Kd2 Ra3 130. Rf8+ Kg3 131. Kc2 Ne3+ 132. Kd2 Nc4+ 133. Kc2
Ne5 134. Kd2 Nf3+ 135. Ke2 Ne5 136. Kd2 Kg2 137. Ke2 Nc4 1/2-1/2

[Event "ch-ISL 2016"]
[Site "Reykjavik ISL"]
[Date "2016.06.03"]
[Round "4.1"]
[White "Thorfinnsson, Bjorn"]
[Black "Kjartansson, Gudmundur"]
[Result "1-0"]
[WhiteTitle "IM"]
[BlackTitle "IM"]
[WhiteElo "2410"]
[BlackElo "2457"]
[WhiteFideId "2300982"]
[BlackFideId "2301318"]
[EventDate "2016.05.31"]

1. c4 e5 2. g3 Nf6 3. Bg2 d5 4. cxd5 Nxd5 5. Nc3 Nb6 6. Nf3 Nc6 7. O-O Be7 8. d3
O-O 9. Bd2 Be6 10. Qc2 Nd4 11. Nxd4 exd4 12. Na4 Nxa4 13. Qxa4 c5 14. Bxb7 Rb8
15. Bf3 Rxb2 16. Bc1 Rb6 17. Qxa7 c4 18. Bf4 Bd6 19. dxc4 Bxf4 20. c5 Rb5 21.
gxf4 Qf6 22. Qc7 Rc8 23. Qe5 Rcxc5 24. Qxf6 gxf6 25. Rfd1 Rc4 26. Be4 Ra5 27.
Rd2 Rca4 28. a3 Rxa3 29. Rxa3 Rxa3 30. Rxd4 Ra5 31. Bd3 Bf5 32. Bc4 Kg7 33. f3
Ra4 34. e3 Rb4 35. Kf2 Bd7 36. Kg3 Bb5 37. Bd5 Rb2 38. f5 Kf8 39. Rd1 Rc2 40.
Rb1 Rc5 41. e4 Kg7 42. Kf4 Bc6 43. Bb3 Rc3 44. Bd1 Rc5 45. Rb6 Bb5 46. Ke3 Rc3+
47. Kd2 Rc5 48. Rb7 Bc4 49. Ba4 Ra5 50. Rb4 Rc5 51. Ke3 Ba2 52. Bd1 Rc1 53. Kd2
Rc7 54. Be2 Kh6 55. f4 Rc5 56. Rb2 Ra5 57. Rb6 Kg7 58. Bd3 Rc5 59. Rb4 Kh6 60.
Ra4 Bb3 61. Ra3 Bc4 62. Rc3 Bxd3 63. Rxc5 Bxe4 64. Ke3 Bb1 65. Kd4 Kg7 66. Rd5
Kf8 67. Rb5 Bc2 68. Kc5 Bxf5 69. Kd6 Bg4 70. Rb8+ Kg7 71. Ke7 Bh5 72. Rb6 f5 73.
Ra6 Bg6 74. Ra3 Bh5 75. Ra6 Bg6 76. Ra3 Kh6 77. Rh3+ Bh5 78. Rg3 Bg6 79. Rg5 Kg7
80. h3 f6 81. Rg3 Kh6 82. Kxf6 Kh5 83. Rg5+ Kh4 84. Rxg6 hxg6 85. Kxg6 1-0

[Event "ch-ISL 2016"]
[Site "Reykjavik ISL"]
[Date "2016.06.03"]
[Round "4.2"]
[White "Johannsson, Orn Leo"]
[Black "Jensson, Einar Hjalti"]
[Result "0-1"]
[BlackTitle "IM"]
[WhiteElo "2226"]
[BlackElo "2370"]
[WhiteFideId "2303051"]
[BlackFideId "2301067"]
[EventDate "2016.05.31"]

1. e4 c5 2. Nf3 e6 3. b3 a6 4. Bb2 Nc6 5. d3 Qc7 6. g3 b5 7. Nbd2 d5 8. Bg2 d4
9. O-O Nf6 10. Qe2 Be7 11. c3 dxc3 12. Bxc3 e5 13. Rfc1 Qd6 14. a4 Rb8 15. axb5
axb5 16. b4 cxb4 17. Bb2 Nd7 18. Nb3 O-O 19. d4 exd4 20. Nfxd4 Nxd4 21. Nxd4 Ne5
22. f4 Nc4 23. Nxb5 Qb6+ 24. Bd4 Qxb5 25. Qxc4 Qxc4 26. Rxc4 Be6 27. Rc7 Bd8 28.
Rc6 b3 29. Bf1 Re8 30. Be5 Rb4 31. f5 Bd7 32. Rd6 Bc8 33. Ra8 Bb6+ 34. Kg2 b2
35. Bd3 f6 36. Rc6 Bd7 37. Rxe8+ Bxe8 38. Bc4+ Rxc4 39. Rxb6 Rc2+ 40. Kf3 fxe5
41. Rb8 Kf7 42. Rb7+ Kf6 43. h4 h5 0-1